000 00934nam a2200229Ia 4500
003 Ost
005 20260507075651.0
008 260507s9999||||xx |||||||||||||| ||und||
020 _a4397287977
040 _cfsecg
041 _aara
082 _a348.11173
100 _aفهمى، على
_eمؤلف
245 0 _aنظم دعم اتخاذ القرار والأنظمة الذكية /
_c على فهمى
260 _aالقاهرة:
_bدار الكتب العلمية للنشر والتوزيع,
_c2004
300 _a231 صفحة؛
_bإيضاحات ؛
_c24 سم
520 _aنظم دعم اتخاذ القرار- المفاهيم الاساسية- المكونات نظم دعم اتخاذ القرار وأدوات التطوير- إدارة البيانات وإدارة المعارف.
653 _aالبرمجيات
653 _aالحواسيب
653 _aالقرارات الإدارية
942 _cكتاب
999 _c45606
_d45606